Mas allá de la tumba, ó sea, El amor cristiano enjugando las lágrimas de las benditas almas del Purgatorio : preces, oraciones, sufragios, indulgencias y demás obras buenas ... / por Juan Martí y Cantó preces, oraciones, sufragios, indulgencias y demás obras buenas ... / por Juan Martí y Cantó
Descripción Física:
712, [24] p. ; 15 cm
Materias:
Purgatori -- Devocionaris
MARC
| LEADER | 00000nam a2200000Ia 4500 | ||
|---|---|---|---|
| 001 | 14601 | ||
| 008 | 160829s1885 xx 000 0 cat d | ||
| 080 | |a F-1-69 | ||
| 100 | |a Martí i Cantó, Juan |9 24221 | ||
| 245 | |a Mas allá de la tumba, ó sea, El amor cristiano enjugando las lágrimas de las benditas almas del Purgatorio : |b preces, oraciones, sufragios, indulgencias y demás obras buenas ... / por Juan Martí y Cantó | ||
| 260 | |a Barcelona : |b Juan Roca y Bros, |c 1885 | ||
| 300 | |a 712, [24] p. ; |c 15 cm | ||
| 590 | |a Bibliografia. | ||
| 590 | |a Enquadernació en pell | ||
| 650 | |a Purgatori |x Devocionaris |9 24222 | ||
| 901 | |a Arxiu | ||
| 942 | |n 1 | ||
| 952 | |0 0 |1 0 |4 0 |6 F169 |7 1 |9 43028 |a Arxiu |b Arxiu |d 2016-12-01 |l 0 |o F-1-69 |p 14601 |r 2016-12-01 00:00:00 |w 2016-12-01 |y ARXIU | ||
| 999 | |c 45571 |d 45571 | ||